Desarrollo de cálculos de arc flash con Open DSS
保存先:
| 第一著者: | |
|---|---|
| その他の著者: | |
| フォーマット: | 図書 |
| 言語: | Spanish |
| 出版事項: |
[San José ], Costa Rica
2016
|
| 主題: |
ARCO ELECTRICO - MEDICIONES - PROCESAMIENTO DE DATOS
> CONDUCTORES ELECTRICOS
> DESCARGAS ELECTRICAS - MEDIDAS DE SEGURIDAD - COSTA RICA
> SALUD OCUPACIONAL
> SISTEMAS DE ENERGIA ELECTRICA
> DESCARGAS ELECTRICAS - EVALUACION
> CORTOCIRCUITOS
> CORRIENTES ELECTRICAS - MEDICIONES - MODELOS MATEMATICOS
> CORRIENTES ELECTRICAS - METODOS DE SIMULACION
|
| タグ: |
タグ追加
タグなし, このレコードへの初めてのタグを付けませんか!
|
MARC
| LEADER | 00000nam a22000007a 4500 | ||
|---|---|---|---|
| 003 | 012675 | ||
| 005 | 20231129154637.0 | ||
| 008 | 171003b2016 cr a|||| m||| 00| ||spa d | ||
| 040 | |c cru CEDI | ||
| 090 | |a TFG 7826 | ||
| 100 | |a Esquivel González, Daniel Mauricio, 1989- |9 1929 | ||
| 245 | |a Desarrollo de cálculos de arc flash con Open DSS | ||
| 260 | |a [San José ], Costa Rica |c 2016 | ||
| 300 | |a xi, 42 hojas ; ilustraciones a color | ||
| 500 | |a "IE-0499 Proyecto eléctrico”, Proyecto de graduación (bachillerato en ingeniería eléctrica)--Universidad de Costa Rica. Facultad de Ingeniería. Escuela de Ingeniería Eléctrica | ||
| 501 | |a Profesor Guía de IE-0499 Proyecto Eléctrico: Ing. Juan Ramón Rodríguez Solera. Lic. | ||
| 650 | |x ARCO ELECTRICO - MEDICIONES - PROCESAMIENTO DE DATOS |x CONDUCTORES ELECTRICOS |x DESCARGAS ELECTRICAS - MEDIDAS DE SEGURIDAD - COSTA RICA |x SALUD OCUPACIONAL |x SISTEMAS DE ENERGIA ELECTRICA |x DESCARGAS ELECTRICAS - EVALUACION |x CORTOCIRCUITOS |x CORRIENTES ELECTRICAS - MEDICIONES - MODELOS MATEMATICOS |x CORRIENTES ELECTRICAS - METODOS DE SIMULACION |9 10019 | ||
| 700 | |a Rodríguez Solera, Juan Ramón, 1961- |d Director de Proyecto Eléctrico |9 680 | ||
| 942 | |c TFG |h TFG 7826 |i 012675 |6 TFG_7826_012675000000000 | ||
| 999 | |c 19062 |d 19062 | ||
